00880nam a2200217 a 4500003000200000005001700002008004100019050002900060100002200089245010700111260009200218300003900310504004300349650002900392650002900421650002600450650002700476942001400503999001700517952012800534020250423112450.0970114s19uu xx 00 eng d aPGS HV 5733 b.H413 2003 aHayashi, Maricar. aPerceptions of Fourth Year Students of Southville International School on Smoking. /cMaricar Hayashi. aLas Piñas City, Philippines : bSouthville International School and Colleges,c2003. a17 pages :billustrations:c28 cm. aIncludes bibliographical references.  aSmokingvSocial aspects. aSmokingvHealth aspects. aTeenagersvAttitudes. aSmokingv.Prevention.  2lcccPASS c96871d96871 00102lcc40aLUXbLUXcPASSd2003-05-19eDONATIONl0oPGS HV 5733 .H413 2003pP0868r2014-04-08 00:00:00w2014-04-08yPASS